000 00643nam a2200241Ia 4500
003 OSt
005 20221007064320.0
006 a|||||r|||| 00| 0
007 ta
008 221006b |||||||| |||| 00| 0 eng d
024 _a6,670
037 _cTextual
040 _aFLL
_cFLL
_beng
041 _2eng
_aeng
082 _aZ2,2,3, L4;4
100 _aGupta M.L. Au.
_9228673
245 0 _aDelhi rent control act,1958
260 _aDelhi
_bBahri brothers India
_c1974
300 _axii,124p
_ccm.
650 _aRent control act
_9685637
942 _hZ2,2,3, L4;4
_cTEXL
_2CC
999 _c1133696
_d1133696